Towards citizen centric governance with ICT (Record no. 64566)

000 -LEADER
fixed length control field 00852pab a2200169 454500
008 - FIXED-LENGTH DATA ELEMENTS--GENERAL INFORMATION
fixed length control field 180718b2005 xxu||||| |||| 00| 0 eng d
100 ## - MAIN ENTRY--PERSONAL NAME
Personal name Brijesh Kumar
245 ## - TITLE STATEMENT
Title Towards citizen centric governance with ICT
260 ## - PUBLICATION, DISTRIBUTION, ETC.
Date of publication, distribution, etc. 2005
300 ## - PHYSICAL DESCRIPTION
Extent p.14-15.
362 ## - DATES OF PUBLICATION AND/OR SEQUENTIAL DESIGNATION
Dates of publication and/or sequential designation Mar
520 ## - SUMMARY, ETC.
Summary, etc. State Wide Area Networks would be linking state headquarters right upto Block headquarters. For citizen-centric governance, it is imperative that benefits of ICT should be leveraged to reach the citizens within shortest possible time, in a reliable and cost-effective manner. People want a government that meets their needs, that is available when and where they need it and which delivers services to them in a transparent way. - Reproduced.
650 ## - SUBJECT ADDED ENTRY--TOPICAL TERM
Topical term or geographic name entry element Information technology
650 ## - SUBJECT ADDED ENTRY--TOPICAL TERM
Topical term or geographic name entry element Communication technology
773 ## - HOST ITEM ENTRY
Main entry heading Kurukshetra
909 ## -
-- 64566
Holdings
Withdrawn status Lost status Damaged status Not for loan Permanent Location Current Location Date acquired Serial Enumeration / chronology Barcode Date last seen Price effective from Koha item type
        Indian Institute of Public Administration Indian Institute of Public Administration 2018-07-19 Volume no: 53, Issue no: 5 AR65018 2018-07-19 2018-07-19 Articles

Powered by Koha